[Event "Titled Tuesday intern op 05th Mar Early"]
[Site "Chess.com INT"]
[Date "2024.03.05"]
[Round "4"]
[White "Alcazar Jimenez, Jesus Alberto"]
[Black "Martinez Fernandez, Adrian"]
[Result "1-0"]
[WhiteElo "2147"]
[BlackElo "2404"]
[PlyCount "97"]
[EventDate "2024.03.05"]
[EventType "swiss (blitz)"]
[EventRounds "11"]
[EventCountry "USA"]
[SourceTitle "EXT 2025"]
[Source "ChessBase"]
[SourceDate "2024.10.14"]
[SourceVersion "1"]
[SourceVersionDate "2024.10.14"]
[SourceQuality "1"]

1. c4 e5 2. Nc3 Nc6 3. e3 Nf6 4. Nf3 Bb4 5. Qc2 0-0 6. d3 d5 7. cxd5 Nxd5 8. Bd2 Re8 9. a3 Bf8 10. Be2 Bg4 11. h3 Bh5 12. Ne4 Nf6 13. 0-0 Qd5 14. Nxf6+ gxf6 15. Rac1 Rad8 16. Rfd1 Kh8 17. Qc4 Qd7 18. Qh4 Bg6 19. Qxf6+ Bg7 20. Qh4 Qe7 21. Qxe7 Rxe7 22. e4 Red7 23. Bg5 f6 24. Be3 f5 25. exf5 Bxf5 26. Bg5 Rf8 27. Nh4 Be6 28. Nf3 h6 29. Be3 Bb3 30. Re1 Bf7 31. Nd2 e4 32. Nxe4 Bxb2 33. Rb1 Bg7 34. Rxb7 Nd4 35. Bg4 Re7 36. Rc1 Be5 37. Bxd4 Bxd4 38. Rcxc7 Rxc7 39. Rxc7 h5 40. Bf3 Bg6 41. Rd7 Be5 42. Rd5 Bf4 43. Ng5 Rb8 44. g3 Rb1+ 45. Kg2 Bb8 46. Be4 Be8 47. Ne6 Bc6 48. Rxh5+ Kg8 49. Bxc6 1-0

[Event "Titled Tuesday intern op 05th Mar Early"]
[Site "Chess.com INT"]
[Date "2024.03.05"]
[Round "2"]
[White "Martinez Fernandez, Adrian"]
[Black "Enkhrii, Enkh Amgalan"]
[Result "1-0"]
[WhiteElo "2404"]
[BlackElo "1942"]
[PlyCount "113"]
[EventDate "2024.03.05"]
[EventType "swiss (blitz)"]
[EventRounds "11"]
[EventCountry "USA"]
[SourceTitle "EXT 2025"]
[Source "ChessBase"]
[SourceDate "2024.10.14"]
[SourceVersion "1"]
[SourceVersionDate "2024.10.14"]
[SourceQuality "1"]

1. e4 e5 2. Nf3 Nc6 3. Bc4 Nf6 4. 0-0 h6 5. Re1 g6 6. c3 Bg7 7. d4 d6 8. dxe5 dxe5 9. Qxd8+ Nxd8 10. Nxe5 Be6 11. Bxe6 Nxe6 12. Nd3 0-0-0 13. Nf4 Ng5 14. f3 Rhe8 15. Be3 b6 16. Na3 Nd7 17. Rad1 Ne5 18. Kf2 Bf8 19. b4 a5 20. Nc2 Nc4 21. Bd4 Bd6 22. Nd5 Ne6 23. Bf6 Rd7 24. g3 Kb7 25. Rb1 axb4 26. cxb4 Ra8 27. Ra1 c6 28. Nde3 Be5 29. Bxe5 Nxe5 30. Ke2 Nd4+ 31. Nxd4 Rxd4 32. a3 Rd3 33. a4 Rb3 34. f4 Nd3 35. Red1 Nxb4 36. Rd7+ Ka6 37. Rxf7 Re8 38. e5 c5 39. Rf6 g5 40. a5 Rxe3+ 41. Kxe3 Nd5+ 42. Kf3 Nxf6 43. exf6 Rf8 44. axb6+ Kxb6 45. fxg5 hxg5 46. Kg4 Rxf6 47. Kxg5 Rd6 48. h4 c4 49. h5 Kc5 50. h6 Rd5+ 51. Kg6 Rd6+ 52. Kg7 Rd7+ 53. Kf8 Rh7 54. Rh1 c3 55. g4 c2 56. g5 Kd6 57. Kg8 1-0